[Event "Crema op 15th"]
[Site "Crema"]
[Date "2013.08.30"]
[Round "1"]
[White "Botta, Massimiliano"]
[Black "Agnelli, Francesco"]
[Result "0-1"]
[WhiteElo "1632"]
[BlackElo "2035"]
[PlyCount "61"]
[EventDate "2013.08.30"]
[EventType "swiss"]
[EventRounds "6"]
[EventCountry "ITA"]
[SourceTitle "EXT 2015"]
[Source "ChessBase"]
[SourceDate "2014.11.20"]
[SourceVersion "1"]
[SourceVersionDate "2014.11.20"]
[SourceQuality "1"]

1. e4 c5 2. Nf3 Nc6 3. d4 cxd4 4. Nxd4 e5 5. Nb3 Nf6 6. Nc3 Bb4 7. Bg5 h6 8. Bxf6 Qxf6 9. Qd2 0-0 10. 0-0-0 a5 11. Qe3 Bxc3 12. bxc3 d6 13. Nd2 Be6 14. Nc4 Rfd8 15. a4 d5 16. exd5 Bxd5 17. Nb6 Be6 18. Bc4 Bxc4 19. Nxc4 Qe6 20. Qe2 Qe7 21. Rhe1 Qg5+ 22. Ne3 Qf4 23. Qg4 Qxf2 24. Nf5 Qf4+ 25. Qxf4 exf4 26. Re4 Rxd1+ 27. Kxd1 g6 28. Nxh6+ Kg7 29. Ng4 f5 30. Rxf4 fxg4 31. Rxg4 0-1

[Event "Crema op 13th"]
[Site "Crema"]
[Date "2011.09.04"]
[Round "6"]
[White "Agnelli, Francesco"]
[Black "Pinna, Ferdinando"]
[Result "0-1"]
[WhiteElo "2046"]
[BlackElo "1903"]
[PlyCount "94"]
[EventDate "2011.09.02"]
[EventType "swiss"]
[EventRounds "6"]
[EventCountry "ITA"]
[SourceTitle "EXT 2022"]
[Source "ChessBase"]
[SourceDate "2021.10.06"]
[SourceVersion "1"]
[SourceVersionDate "2021.10.06"]
[SourceQuality "1"]

1. e4 e6 2. d4 d5 3. Nc3 Bb4 4. e5 c5 5. a3 Bxc3+ 6. bxc3 Ne7 7. Qg4 Qc7 8. Qxg7 Rg8 9. Qxh7 cxd4 10. Ne2 Nbc6 11. f4 dxc3 12. Qd3 Bd7 13. Rb1 a6 14. Qxc3 0-0-0 15. Be3 d4 16. Bxd4 Nd5 17. Qc5 Nxd4 18. Qxd4 Bb5 19. Qa7 Nc3 20. Rxb5 Nxb5 21. Qe3 Qxc2 22. Kf2 Rd3 23. Qc1 Nxa3 24. Qxc2+ Nxc2 25. Ng3 Rd2+ 26. Kf3 Rd1 27. Ne4 Nd4+ 28. Kf2 Nf5 29. h3 Rd4 30. Nd6+ Nxd6 31. exd6 Rxf4+ 32. Ke3 e5 33. g4 Kd7 34. Bg2 b5 35. Be4 Rxe4+ 36. Kxe4 Ke6 37. Rd1 Rd8 38. h4 Rxd6 39. Rxd6+ Kxd6 40. h5 Ke7 41. h6 Kf6 42. g5+ Kg6 43. Kxe5 b4 44. Kd6 b3 45. Ke7 b2 46. h7 Kxh7 47. Kxf7 b1Q 0-1

[Event "Crema op 13th"]
[Site "Crema"]
[Date "2011.09.02"]
[Round "1"]
[White "Pisani, Valerio"]
[Black "Agnelli, Francesco"]
[Result "0-1"]
[WhiteElo "1761"]
[BlackElo "2046"]
[PlyCount "68"]
[EventDate "2011.09.02"]
[EventType "swiss"]
[EventRounds "6"]
[EventCountry "ITA"]
[SourceTitle "EXT 2022"]
[Source "ChessBase"]
[SourceDate "2021.10.06"]
[SourceVersion "1"]
[SourceVersionDate "2021.10.06"]
[SourceQuality "1"]

1. Nc3 c5 2. e4 Nc6 3. Nf3 e6 4. Be2 a6 5. a4 Nf6 6. d3 Qc7 7. Bg5 Be7 8. Qd2 b6 9. h3 Bb7 10. Bf4 d6 11. Qe3 Nd7 12. 0-0 h6 13. Bg3 Bf6 14. Qd2 g5 15. Nd1 Nde5 16. Nxe5 Bxe5 17. Bxe5 Nxe5 18. c3 0-0-0 19. d4 Ng6 20. Bf3 Nf4 21. Ne3 f5 22. d5 exd5 23. exd5 Rdf8 24. Kh2 Kb8 25. g3 Ng6 26. Bh5 Ne5 27. f4 Nd7 28. Qc2 Nf6 29. Bf3 gxf4 30. gxf4 Bc8 31. Nxf5 Qd7 32. Bg4 h5 33. Be2 Nxd5 34. Bd3 Ne3 0-1

[Event "Crema op 11th"]
[Site "Crema"]
[Date "2009.09.06"]
[Round "6"]
[White "Guzzetti, Luigi Enrico"]
[Black "Agnelli, Francesco"]
[Result "0-1"]
[WhiteElo "1863"]
[BlackElo "2051"]
[PlyCount "72"]
[EventDate "2009.09.04"]
[EventType "swiss"]
[EventRounds "6"]
[EventCountry "ITA"]
[SourceTitle "EXT 2011"]
[Source "ChessBase"]
[SourceDate "2010.11.26"]
[SourceVersion "1"]
[SourceVersionDate "2010.11.26"]
[SourceQuality "1"]

1. e4 c5 2. Nf3 Nc6 3. d4 cxd4 4. Nxd4 e5 5. Nb3 Nf6 6. Bd3 a5 7. Bg5 h6 8. Bxf6 Qxf6 9. 0-0 a4 10. N3d2 Bc5 11. Nc3 0-0 12. Nd5 Qd8 13. Nc4 d6 14. Nce3 Ne7 15. Kh1 Nxd5 16. Nxd5 Qg5 17. f4 exf4 18. Rxf4 Be6 19. Qf3 Bd4 20. Nc7 Bxb2 21. Rf1 Qd8 22. Nxa8 Qxa8 23. c4 Be5 24. Rh4 Qd8 25. g3 Qg5 26. Kg1 Qd2 27. Rf2 Bd4 28. Qe2 Bxf2+ 29. Kxf2 Qxe2+ 30. Kxe2 Rc8 31. e5 dxe5 32. a3 f5 33. c5 e4 34. Bb5 Rxc5 35. Bxa4 Ra5 36. Be8 Rxa3 0-1

[Event "Crema op 11th"]
[Site "Crema"]
[Date "2009.09.05"]
[Round "4"]
[White "Poletti, Fausto"]
[Black "Agnelli, Francesco"]
[Result "0-1"]
[WhiteElo "1902"]
[BlackElo "2051"]
[PlyCount "84"]
[EventDate "2009.09.04"]
[EventType "swiss"]
[EventRounds "6"]
[EventCountry "ITA"]
[SourceTitle "EXT 2011"]
[Source "ChessBase"]
[SourceDate "2010.11.26"]
[SourceVersion "1"]
[SourceVersionDate "2010.11.26"]
[SourceQuality "1"]

1. e4 c5 2. Nc3 Nc6 3. g3 g6 4. Bg2 Bg7 5. d3 d6 6. f4 e6 7. Nf3 Nge7 8. 0-0 0-0 9. Ne2 Rb8 10. c3 b5 11. Be3 a5 12. Qd2 a4 13. Rab1 Qa5 14. Rfd1 Rd8 15. d4 Ba6 16. d5 exd5 17. exd5 Na7 18. Rbc1 Nac8 19. b3 b4 20. c4 Nf5 21. Bf2 h5 22. h3 Nce7 23. g4 hxg4 24. hxg4 Nh6 25. Nh2 Bc8 26. Bf3 Re8 27. Qd3 Bd7 28. Ng3 axb3 29. axb3 Qd8 30. Ne4 Nc8 31. Ng3 Ra8 32. Rc2 Ra3 33. Rb1 Ne7 34. Re2 Nc8 35. Rxe8+ Qxe8 36. Re1 Qd8 37. Bd1 Bc3 38. Rf1 Ra2 39. Qf3 Qe7 40. f5 gxf5 41. gxf5 Qg5 42. Kh1 Bxf5 0-1

[Event "Crema op 11th"]
[Site "Crema"]
[Date "2009.09.04"]
[Round "1"]
[White "Agnelli, Francesco"]
[Black "Tedoldi, Guido"]
[Result "1-0"]
[WhiteElo "2051"]
[BlackElo "1774"]
[PlyCount "65"]
[EventDate "2009.09.04"]
[EventType "swiss"]
[EventRounds "6"]
[EventCountry "ITA"]
[SourceTitle "EXT 2011"]
[Source "ChessBase"]
[SourceDate "2010.11.26"]
[SourceVersion "1"]
[SourceVersionDate "2010.11.26"]
[SourceQuality "1"]

1. e4 c5 2. Nf3 Nc6 3. d4 cxd4 4. Nxd4 e5 5. Nb5 d6 6. N1c3 a6 7. Na3 Nf6 8. Bg5 Be7 9. Bxf6 Bxf6 10. Nd5 Be6 11. Nc4 Bxd5 12. Qxd5 Be7 13. c3 Qc7 14. Be2 b5 15. Ne3 Rd8 16. 0-0 Bf6 17. a4 Ne7 18. Qb3 0-0 19. axb5 Qb7 20. Rxa6 Qxe4 21. Ra4 Qb7 22. Rfa1 d5 23. Ra7 Qb8 24. g3 e4 25. Ng4 Bg5 26. h4 h5 27. hxg5 Nc6 28. R7a6 Rd6 29. Ne3 Rfd8 30. Nf5 Re6 31. Rxc6 e3 32. Rxe6 exf2+ 33. Kg2 1-0

[Event "Crema op 11th"]
[Site "Crema"]
[Date "2009.09.04"]
[Round "2"]
[White "Gonella, Daniele"]
[Black "Agnelli, Francesco"]
[Result "1-0"]
[WhiteElo "1827"]
[BlackElo "2051"]
[PlyCount "51"]
[EventDate "2009.09.04"]
[EventType "swiss"]
[EventRounds "6"]
[EventCountry "ITA"]
[SourceTitle "EXT 2011"]
[Source "ChessBase"]
[SourceDate "2010.11.26"]
[SourceVersion "1"]
[SourceVersionDate "2010.11.26"]
[SourceQuality "1"]

1. e4 c5 2. c3 Nf6 3. e5 Nd5 4. d4 cxd4 5. cxd4 Qc7 6. Qd2 e6 7. a3 b6 8. Nc3 Nxc3 9. bxc3 Be7 10. Nf3 Nc6 11. Bd3 Na5 12. Rb1 Bb7 13. 0-0 Rc8 14. Qe2 Nc4 15. Ng5 h6 16. Qh5 Bxg5 17. Bxg5 Qc6 18. f3 Nxa3 19. Rb3 Nc4 20. Bc1 Na5 21. Qg4 Nxb3 22. Qxg7 Kd8 23. Ba3 Qxc3 24. Bd6 Qxd4+ 25. Kh1 Qxd6 26. exd6 1-0

[Event "Bratto op 25th"]
[Site "Bratto"]
[Date "2005.08.26"]
[Round "7"]
[White "Agnelli, Francesco"]
[Black "Defend, Guerrino"]
[Result "1-0"]
[WhiteElo "2055"]
[BlackElo "2000"]
[PlyCount "125"]
[EventDate "2005.08.20"]
[EventType "swiss"]
[EventRounds "9"]
[EventCountry "ITA"]
[SourceTitle "CBM 108 Extra"]
[Source "ChessBase"]
[SourceDate "2005.11.04"]
[SourceVersion "1"]
[SourceVersionDate "2005.11.04"]
[SourceQuality "1"]

1. e4 g6 2. d4 Bg7 3. Nc3 c6 4. Be3 d5 5. f3 dxe4 6. fxe4 Qb6 7. Rb1 Nh6 8. h3 f6 9. Qd2 Nf7 10. Nf3 0-0 11. Bc4 Kh8 12. 0-0 Qd8 13. Rbd1 b6 14. Qe2 Nd6 15. Bd3 a5 16. e5 Nf5 17. Bf2 Na6 18. g4 Nh6 19. a3 Nc7 20. Bg3 f5 21. g5 Ng8 22. Qh2 Be6 23. Ne2 Nd5 24. Bf4 Qd7 25. c4 Nxf4 26. Nxf4 Bf7 27. Qg3 e6 28. h4 h5 29. gxh6 Bxh6 30. Nxg6+ Bxg6 31. Qxg6 Rf7 32. Kh1 Rg7 33. Qh5 Rh7 34. Ng5 Bxg5 35. Qxg5 Rf8 36. Be2 Rff7 37. Bf3 Rfg7 38. Qf4 Qe7 39. h5 Nh6 40. Rg1 Ng4 41. Bxg4 Qh4+ 42. Qh2 Qxh2+ 43. Kxh2 fxg4 44. Kg3 Rxh5 45. Rh1 Rhh7 46. Rdf1 Rh3+ 47. Rxh3+ gxh3+ 48. Kxh3 Rh7+ 49. Kg3 Kg8 50. Rf6 Re7 51. Kf4 Kg7 52. a4 b5 53. axb5 cxb5 54. cxb5 Rb7 55. Rxe6 Rxb5 56. Ra6 Kf7 57. Ke4 Ke7 58. d5 Rxb2 59. Ra7+ Ke8 60. d6 Rb4+ 61. Kd5 Rb5+ 62. Ke6 Rb8 63. Rh7 1-0

[Event "Bratto op 25th"]
[Site "Bratto"]
[Date "2005.08.25"]
[Round "6"]
[White "Cazzaniga, Walter"]
[Black "Agnelli, Francesco"]
[Result "1/2-1/2"]
[WhiteElo "2123"]
[BlackElo "2055"]
[PlyCount "73"]
[EventDate "2005.08.20"]
[EventType "swiss"]
[EventRounds "9"]
[EventCountry "ITA"]
[SourceTitle "CBM 108 Extra"]
[Source "ChessBase"]
[SourceDate "2005.11.04"]
[SourceVersion "1"]
[SourceVersionDate "2005.11.04"]
[SourceQuality "1"]

1. d4 Nf6 2. c4 g6 3. Nc3 Bg7 4. Nf3 d6 5. e4 0-0 6. Be2 e5 7. d5 a5 8. Bg5 h6 9. Bh4 Qe8 10. Nd2 h5 11. a3 Nh7 12. f3 Na6 13. b4 Bh6 14. 0-0 Be3+ 15. Bf2 Bxf2+ 16. Rxf2 Qe7 17. Rb1 axb4 18. axb4 Qg5 19. Nb5 h4 20. Bd3 Nf6 21. Nf1 Nh5 22. Qd2 Nf4 23. Kh1 Kg7 24. Nc3 Qe7 25. Ne2 Nh5 26. Qc3 Nf6 27. Ne3 c5 28. Qd2 Nh5 29. Nc3 Rh8 30. Nf5+ Bxf5 31. exf5 Nb8 32. Ne4 Ng3+ 33. Kg1 Nxf5 34. Nxc5 Nd4 35. Ne4 f5 36. Ng5 Rh6 37. f4 1/2-1/2

[Event "Bratto op 25th"]
[Site "Bratto"]
[Date "2005.08.24"]
[Round "5"]
[White "Agnelli, Francesco"]
[Black "Radice, Luca"]
[Result "0-1"]
[WhiteElo "2055"]
[BlackElo "2100"]
[PlyCount "68"]
[EventDate "2005.08.20"]
[EventType "swiss"]
[EventRounds "9"]
[EventCountry "ITA"]
[SourceTitle "CBM 108 Extra"]
[Source "ChessBase"]
[SourceDate "2005.11.04"]
[SourceVersion "1"]
[SourceVersionDate "2005.11.04"]
[SourceQuality "1"]

1. e4 e6 2. d4 d5 3. Nc3 Bb4 4. e5 Qd7 5. a3 Bxc3+ 6. bxc3 b6 7. Qg4 f5 8. Qg3 Ba6 9. Ne2 Qf7 10. h4 Ne7 11. h5 h6 12. a4 Nbc6 13. Ba3 0-0 14. Nf4 Bxf1 15. Kxf1 Rfd8 16. Qh4 Rd7 17. Rh3 Na5 18. Rd1 Nc4 19. Bc1 c5 20. Rg3 Kf8 21. Rdd3 Ke8 22. Rxg7 Qxg7 23. Nxe6 Qg4 24. Qf6 Rdd8 25. Ng7+ Kd7 26. Qe6+ Kc7 27. Qxe7+ Kc6 28. dxc5 f4 29. Qf6+ Kb7 30. Ne6 Rg8 31. Qe7+ Ka6 32. Nxf4 Rae8 33. Qh7 Rxe5 34. Rg3 Qd1# 0-1

[Event "Bergamo op 4th"]
[Site "Bergamo"]
[Date "2005.07.30"]
[Round "4"]
[White "Gromovs, Sergejs"]
[Black "Agnelli, Francesco"]
[Result "1-0"]
[WhiteElo "2375"]
[BlackElo "2055"]
[PlyCount "51"]
[EventDate "2005.07.29"]
[EventType "swiss"]
[EventRounds "6"]
[EventCountry "ITA"]
[SourceTitle "EXT 2007"]
[Source "ChessBase"]
[SourceDate "2006.11.23"]
[SourceVersion "1"]
[SourceVersionDate "2006.11.23"]
[SourceQuality "1"]

1. d4 Nf6 2. Nf3 g6 3. c4 Bg7 4. Nc3 d6 5. e4 0-0 6. Be2 e5 7. 0-0 Nc6 8. d5 Ne7 9. b4 Nh5 10. Re1 Nf4 11. Bf1 f5 12. Bxf4 fxe4 13. Bxe5 dxe5 14. Nxe4 Nf5 15. c5 Nd4 16. Nxd4 exd4 17. Bc4 Kh8 18. Qd2 Rf5 19. d6 c6 20. Ng3 Rf8 21. Re7 b5 22. Bb3 a5 23. Rae1 a4 24. Rxg7 Qh4 25. Ree7 axb3 26. Qg5 1-0

[Event "Crema op 06th"]
[Site "Crema"]
[Date "2004.09.03"]
[Round "1"]
[White "Agnelli, Francesco"]
[Black "Villalba, Fernando"]
[Result "1-0"]
[WhiteElo "2097"]
[BlackElo "1650"]
[PlyCount "67"]
[EventDate "2004.09.03"]
[EventType "swiss"]
[EventRounds "6"]
[EventCountry "ITA"]
[SourceTitle "EXT 2007"]
[Source "ChessBase"]
[SourceDate "2006.11.23"]
[SourceVersion "1"]
[SourceVersionDate "2006.11.23"]
[SourceQuality "1"]

1. e4 c6 2. d4 d5 3. e5 Bf5 4. Nc3 e6 5. g4 Bg6 6. Nge2 Bb4 7. Nf4 Ne7 8. h4 h6 9. Bd3 Bxd3 10. Qxd3 Nd7 11. Bd2 Qa5 12. 0-0 0-0-0 13. a3 Bxc3 14. Bxc3 Qc7 15. Rfe1 g5 16. hxg5 hxg5 17. Nh5 Rdg8 18. Bb4 Ng6 19. Bd6 Qd8 20. c4 Nf4 21. Qf3 Nxh5 22. cxd5 exd5 23. gxh5 Rh7 24. Rac1 Nb6 25. Qf5+ Qd7 26. Qxh7 Qg4+ 27. Kf1 Qh3+ 28. Ke2 Qg4+ 29. Kd2 Qxd4+ 30. Kc2 Qxf2+ 31. Kb1 Rd8 32. Rf1 Qd4 33. Rxf7 Nc4 34. Qf5+ 1-0

[Event "Bratto op 24th"]
[Site "Bratto"]
[Date "2004.08.21"]
[Round "2"]
[White "Marinelli, Gian Marco"]
[Black "Agnelli, Francesco"]
[Result "0-1"]
[WhiteElo "2018"]
[BlackElo "2097"]
[PlyCount "56"]
[EventDate "2004.08.20"]
[EventType "swiss"]
[EventRounds "9"]
[EventCountry "ITA"]
[SourceTitle "CBM 101 Extra"]
[Source "ChessBase"]
[SourceDate "2004.09.01"]
[SourceVersion "2"]
[SourceVersionDate "2004.09.01"]
[SourceQuality "1"]

1. e4 c5 2. Nf3 Nc6 3. d4 cxd4 4. Nxd4 e5 5. Nb5 d6 6. N1c3 a6 7. Na3 f5 8. exf5 Bxf5 9. Bd3 Be6 10. 0-0 Be7 11. Be4 Nf6 12. Bd5 Nxd5 13. Nxd5 0-0 14. Nc4 b5 15. Nxe7+ Qxe7 16. Nb6 Rad8 17. Nd5 Qf7 18. Nc3 Bc4 19. Ne2 Nd4 20. Nxd4 Bxf1 21. Qxf1 exd4 22. f3 Rc8 23. Qd3 Qc4 24. Bg5 Rfe8 25. Rd1 Re2 26. Qxd4 Qxd4+ 27. Rxd4 Rcxc2 28. Bf4 Re1# 0-1

[Event "Crema op 05th"]
[Site "Crema"]
[Date "2003.09.07"]
[Round "5"]
[White "Mussap, Angelo"]
[Black "Agnelli, Francesco"]
[Result "0-1"]
[WhiteElo "1831"]
[BlackElo "2102"]
[PlyCount "102"]
[EventDate "2003.09.05"]
[EventType "swiss"]
[EventRounds "6"]
[EventCountry "ITA"]
[SourceTitle "EXT 2007"]
[Source "ChessBase"]
[SourceDate "2006.11.23"]
[SourceVersion "1"]
[SourceVersionDate "2006.11.23"]
[SourceQuality "1"]

1. d4 Nf6 2. c4 g6 3. Nc3 Bg7 4. e4 d6 5. Nf3 0-0 6. h3 e5 7. d5 Na6 8. Be3 Nc5 9. Qc2 a5 10. Be2 Nh5 11. g3 f5 12. Bxc5 dxc5 13. Nd2 Nf6 14. 0-0-0 fxe4 15. Ndxe4 Nxe4 16. Nxe4 Bf5 17. Bd3 b6 18. Nc3 Bd7 19. Be4 Qf6 20. Rdf1 Rae8 21. g4 Qh4 22. f3 Bh6+ 23. Kb1 Be3 24. Qg2 Kg7 25. Qe2 Qg5 26. Nd1 Bd4 27. h4 Qf4 28. b3 a4 29. Bc2 axb3 30. axb3 Ra8 31. Nb2 Bxb2 32. Kxb2 Qd4+ 33. Kc1 Ra1+ 34. Bb1 Rfa8 35. Qb2 Qe3+ 36. Kc2 b5 37. Re1 Qxf3 38. Qxe5+ Kg8 39. d6 cxd6 40. Qd5+ Qxd5 41. cxd5 Bxg4 42. Rhg1 Bf5+ 43. Kb2 Bxb1 44. Rxb1 R8a2+ 45. Kc3 Rxb1 46. Rxb1 Rh2 47. b4 c4 48. Ra1 Rh3+ 49. Kc2 Rd3 50. Ra7 Rxd5 51. Rb7 Rh5 0-1

[Event "Crema op 05th"]
[Site "Crema"]
[Date "2003.09.05"]
[Round "2"]
[White "Agnelli, Francesco"]
[Black "Casartelli, Fabio"]
[Result "0-1"]
[WhiteElo "2102"]
[BlackElo "1717"]
[PlyCount "48"]
[EventDate "2003.09.05"]
[EventType "swiss"]
[EventRounds "6"]
[EventCountry "ITA"]
[SourceTitle "EXT 2007"]
[Source "ChessBase"]
[SourceDate "2006.11.23"]
[SourceVersion "1"]
[SourceVersionDate "2006.11.23"]
[SourceQuality "1"]

1. e4 e5 2. Nf3 Nf6 3. Nxe5 d6 4. Nf3 Nxe4 5. d4 d5 6. Bd3 Be7 7. 0-0 Nc6 8. c4 Nf6 9. Nc3 0-0 10. Bf4 Nb4 11. Nb5 Nxd3 12. Qxd3 dxc4 13. Qxc4 c6 14. Nc3 Be6 15. Qe2 Bg4 16. Rfd1 Re8 17. h3 Bd6 18. Be3 Bh5 19. g4 Nxg4 20. hxg4 Bxg4 21. Kg2 Re6 22. Rh1 Rg6 23. Ne4 Bh3+ 24. Kxh3 Qd7+ 0-1

[Event "Bratto op 23rd"]
[Site "Bratto"]
[Date "2003.08.21"]
[Round "1"]
[White "Agnelli, Francesco"]
[Black "Bellia, Fabrizio"]
[Result "0-1"]
[WhiteElo "2102"]
[BlackElo "2397"]
[PlyCount "84"]
[EventDate "2003.08.21"]
[EventType "swiss"]
[EventRounds "9"]
[EventCountry "ITA"]
[SourceTitle "EXT 2004"]
[Source "ChessBase"]
[SourceDate "2003.11.25"]
[SourceVersion "1"]
[SourceVersionDate "2003.11.25"]
[SourceQuality "1"]

1. e4 c6 2. d4 d5 3. Nc3 dxe4 4. Nxe4 Nf6 5. Nxf6+ exf6 6. Nf3 Bd6 7. Bd3 0-0 8. 0-0 Re8 9. h3 Nd7 10. Re1 Rxe1+ 11. Qxe1 Nf8 12. Bd2 Be6 13. Qe4 Bd5 14. Qe2 Bc7 15. Nh2 Qd6 16. Nf1 Ne6 17. Qg4 Nf8 18. a3 Be6 19. Qe4 f5 20. Qe3 f4 21. Qe4 f5 22. Qe2 Qxd4 23. Bc3 Qd7 24. Nd2 Re8 25. Qh5 Qf7 26. Qxf7+ Kxf7 27. Nf3 h6 28. Nd4 g6 29. h4 h5 30. Nf3 Bd5 31. Ng5+ Kg8 32. Bd4 Ne6 33. Nxe6 Bxe6 34. Re1 a6 35. Bc4 Kf7 36. Bxe6+ Rxe6 37. Kf1 Bd8 38. g3 fxg3 39. fxg3 Rxe1+ 40. Kxe1 Bf6 41. c3 Bxd4 42. cxd4 g5 0-1

[Event "Crema op 04th"]
[Site "Crema"]
[Date "2002.09.07"]
[Round "3"]
[White "Agnelli, Francesco"]
[Black "Brunello, Sabino"]
[Result "1-0"]
[WhiteElo "2146"]
[BlackElo "1957"]
[PlyCount "55"]
[EventDate "2002.09.06"]
[EventType "swiss"]
[EventRounds "6"]
[EventCountry "ITA"]
[SourceTitle "EXT 2007"]
[Source "ChessBase"]
[SourceDate "2006.11.23"]
[SourceVersion "1"]
[SourceVersionDate "2006.11.23"]
[SourceQuality "1"]

1. e4 e5 2. Nf3 Nc6 3. Bb5 d6 4. d4 Bd7 5. Nc3 Nf6 6. 0-0 Be7 7. Re1 exd4 8. Nxd4 0-0 9. Nxc6 bxc6 10. Bd3 Ng4 11. Be2 Ne5 12. f4 Ng6 13. Bd3 a6 14. Ne2 Bg4 15. c3 d5 16. Qc2 Bxe2 17. Qxe2 Bc5+ 18. Kh1 Re8 19. Bd2 Qh4 20. Rf1 Qe7 21. Rae1 a5 22. Qh5 Nf8 23. f5 g6 24. Qg4 Rab8 25. b3 Kh8 26. Bg5 Qd7 27. Bf6+ Kg8 28. Qg5 1-0